| 000 | 01208nam0a2200265 4500 | ||
|---|---|---|---|
| 001 | RU\NLR\BIBL_A\010416948 | ||
| 005 | 20250614045018.0 | ||
| 035 | _a(NLR Aleph) 010416948 | ||
| 090 |
_a9795952 _c9795952 |
||
| 100 | _a20140717d1933 |||y0rusy50 ca | ||
| 101 | 0 | _asah | |
| 102 | _aRU | ||
| 105 | _ay|||j|||||||| | ||
| 200 | 1 |
_aЭрипмиэтикэ садаачаларын эрчилилэин хомуура _eотто оскуола үөрэх 5-с сыла _fE. S. Bereseeniskej |
|
| 210 |
_aМосква _cУчпедгиз _d1933 |
||
| 215 |
_a129,[3] с. _d23 |
||
| 300 | _aЛатин. графика | ||
| 541 | 1 |
_aСборник задач и упражнений по арифметике _eдля сред. шк. _e5-й год обучения _zrus |
|
| 606 | 1 |
_aАрифметика _jУчебные издания для средней школы _xЗадачи _91006151 _3RU\NLR\AUTH\6664596 |
|
| 686 | 1 | _aВ10 я72 | |
| 700 | 1 |
_4340 _7ca _8rus _aБерезанская _bЕ. С. _cканд. пед. наук _f1891-1969 _gЕлизавета Савельевна _9219909 _3RU\NLR\AUTH\770219965 |
|
| 852 |
_aNLR _bОНЛ _jЯкут./3-1063 |
||
| 942 | _cBOOK | ||
| 980 | _aNB | ||